Library Banner

تحریک پاکستان (Record no. 77795)

MARC details
000 -LEADER
fixed length control field 00392nam a22001457a 4500
005 - DATE AND TIME OF LATEST TRANSACTION
control field 20151026112433.0
008 - FIXED-LENGTH DATA ELEMENTS--GENERAL INFORMATION
fixed length control field 151026b xxu||||| |||| 00| 0 eng d
040 ## - CATALOGING SOURCE
Transcribing agency PK-LaUMT
082 ## - DEWEY DECIMAL CLASSIFICATION NUMBER
Classification number KHC 954.035
Item number ASL-T
100 ## - MAIN ENTRY--PERSONAL NAME
Personal name اسلم ، محمد
245 ## - TITLE STATEMENT
Title تحریک پاکستان
Statement of responsibility, etc محمد اسلم
260 ## - PUBLICATION, DISTRIBUTION, ETC. (IMPRINT)
Place of publication, distribution, etc لاہور
Name of publisher, distributor, etc ریاض پرادرز
Date of publication, distribution, etc [ ]
300 ## - PHYSICAL DESCRIPTION
Extent 480 ص
942 ## - ADDED ENTRY ELEMENTS (KOHA)
Koha item type Books
Holdings
Withdrawn status Lost status Damaged status Home library Current library Date acquired Full call number Barcode Date last seen Price effective from Koha item type
      UMT Main Campus UMT Main Campus 2015-10-26 KHC 954.035 ASL-T 70856 2015-10-26 2015-10-26 Books